00712nam a2200205Ia 4500003000900000008004100009040001600050080001500066100002700081245011500108260003500223300001500258650004100273650002600314650002600340700002700366942000700393999001500400952009100415IN-BaIIA211028s9999 xx 000 0 eng d cIIA Library a52-77bBRO aBrown, R Hanbury93392 4aThe exploration of space by radiocR. Hanbury Brown and A. C. B. Lovell  aLondonbChapman and Hallc1957 axii, 207p. aAstronomy and astrophysics thesaurus aRadio astronomy92849 aSpace astronomy93005 aLovell, A. C. B.92857 cBK c1729d1729 00104070aBANbBANcGENd0000-00-00l0o52-77/ BROp1894r2021-11-05w0000-00-00yBK